| 000 | 01139nam a22003017a 4500 | ||
|---|---|---|---|
| 999 |
_c21506 _d21506 |
||
| 003 | AR-CdUCM | ||
| 008 | 190220b ||||| |||| 00| 0 spa d | ||
| 020 | _a9789972516962 | ||
| 040 |
_aMUNICIPALIDAD PROVINCIAL DEL CUSCO _cBIBLIOTECA MUNICIPAL DEL CUSCO |
||
| 082 |
_a371.822/V58 _bV58 |
||
| 245 |
_aVidas desiguales : _bmujeres, relaciones de género y educación en el Perú / _cSandra Carrillo y Ricardo Cuenca, editores. |
||
| 260 |
_aLima : _bInstituto de Estudios Peruanos, IEP, _c2018. |
||
| 300 |
_a228 páginas. : _bilustraciones, diagramas ; _c23 cm. |
||
| 440 |
_aSerie Estudios sobre Desigualdad, _n11. _945138 |
||
| 500 | _zIncluye bibliografías. | ||
| 650 |
_aMujeres _93760 |
||
| 650 |
_aEducación _9460 |
||
| 650 |
_aEnsayos _945139 |
||
| 650 |
_aConferencias _9376 |
||
| 650 |
_aDiscriminación en la educación _945140 |
||
| 650 |
_aIgualdad en la educación _945141 |
||
| 650 |
_aMujeres en la educación _945142 |
||
| 700 |
_aCarrillo, Sandra (editora) _945143 |
||
| 700 |
_aCuenca, Ricardo (editor) _945132 |
||
| 710 |
_aInstituto de Estudios Peruanos (Lima) _99759 |
||
| 942 |
_2ddc _cLIBROS |
||
| 945 | _aRoel | ||